Southville International School and Colleges
Your cart is empty.
  • Cart
  • Lists
    Public lists Eva Luna New books Lux_list list_1
    Your lists Log in to create your own lists
  • Log in to your account
  • Your cookies
  • Search history
Southville International School and Colleges
  • Advanced search
  • Recent comments
  • Most popular
  • Libraries

Log in to your account

Log in with GOOGLE


If you do not have an external account, but do have a local account, you can still log in:

  1. Home
  2. MARC view: Philippine fright :
Normal view MARC view ISBD view

Philippine fright : (Record no. 292283)

[ view plain ]
MARC details
000 -LEADER
fixed length control field 00595nam a2200205Ia 4500
008 - FIXED-LENGTH DATA ELEMENTS--GENERAL INFORMATION
fixed length control field 160319s9999 xx 000 0 und d
020 ## - INTERNATIONAL STANDARD BOOK NUMBER
International Standard Book Number 9716300417
050 ## - LIBRARY OF CONGRESS CALL NUMBER
Classification number 808.83
050 ## - LIBRARY OF CONGRESS CALL NUMBER
Item number B641p 1996
100 ## - MAIN ENTRY--PERSONAL NAME
Personal name Blanco, Marivi Soliven
245 ## - TITLE STATEMENT
Title Philippine fright :
245 ## - TITLE STATEMENT
Remainder of title 13 scary stories /
245 ## - TITLE STATEMENT
Statement of responsibility, etc Marivi Soliven Blanco ; illustrated by Reinard P. Santos.
260 ## - PUBLICATION, DISTRIBUTION, ETC. (IMPRINT)
Name of publisher, distributor, etc Tahanan Books for Young Readers
260 ## - PUBLICATION, DISTRIBUTION, ETC. (IMPRINT)
Date of publication, distribution, etc 1996
300 ## - PHYSICAL DESCRIPTION
Extent 103 pages :
300 ## - PHYSICAL DESCRIPTION
Other physical details illustrations (some col.) ;
300 ## - PHYSICAL DESCRIPTION
Dimensions 23 cm.
650 ## - SUBJECT ADDED ENTRY--TOPICAL TERM
Topical term or geographic name as entry element Short stories -- Philippine (English)

No items available.

Philippine fright :

APA

Blanco M. S., .Philippine fright. : Tahanan Books for Young Readers.

Chicago

Blanco Marivi Soliven, .Philippine fright. : Tahanan Books for Young Readers.

Harvard

Blanco M. S., .Philippine fright. : Tahanan Books for Young Readers.

MLA

Blanco Marivi Soliven, .: Tahanan Books for Young Readers. .

  • Print
  • Cite
  • Add to your cart (remove)
  • Save record
    BIBTEX Dublin Core MARCXML MARC (non-Unicode/MARC-8) MARC (Unicode/UTF-8) MARC (Unicode/UTF-8, Standard) MODS (XML) RIS
  • More searches
    Search for this title in:
    Other Libraries (WorldCat) Other Databases (Google Scholar) Online Stores (Bookfinder.com) Open Library (openlibrary.org)

Exporting to Dublin Core...

SOUTHVILLE LIBRARY

Southville International School and Colleges Library

1281 Tropical Ave. Cor. Luxembourg St., BF Homes International, Las Pinas City

Tel. No. 8256374 / 252358 Loc. 117/146

Powered by Koha